Hornbill (Record no. 8411)

MARC details
000 -LEADER
fixed length control field 00464cam a2200193ua 4500
001 - CONTROL NUMBER
control field 9359
005 - DATE AND TIME OF LATEST TRANSACTION
control field 20260515114446.0
008 - FIXED-LENGTH DATA ELEMENTS--GENERAL INFORMATION
fixed length control field 160819n ii |||gr||||Z||||||eng
040 ## - CATALOGING SOURCE
Transcribing agency MAIN
041 ## - LANGUAGE CODE
Language code of text/sound track or separate title eng
082 ## - DEWEY DECIMAL CLASSIFICATION NUMBER
Classification number 820
245 ## - TITLE STATEMENT
Title Hornbill
Remainder of title textbook in English for HS first year
250 ## - EDITION STATEMENT
Edition statement 1st ed.
260 ## - PUBLICATION, DISTRIBUTION, ETC.
Place of publication, distribution, etc. Guwahati:
Name of publisher, distributor, etc. AHSEC,
Date of publication, distribution, etc. 2010.
300 ## - PHYSICAL DESCRIPTION
Extent 118p.
653 ## - INDEX TERM--UNCONTROLLED
Uncontrolled term English.& Old English literatures
653 ## - INDEX TERM--UNCONTROLLED
Uncontrolled term English textbook
942 ## - ADDED ENTRY ELEMENTS (KOHA)
Koha item type Books
Holdings
Withdrawn status Lost status Damaged status Not for loan Home library Current library Shelving location Date acquired Total checkouts Full call number Barcode Date last seen Copy number Price effective from Koha item type Date last checked out
        Naharkatiya College Library Naharkatiya College Library General stacks 09/19/2020   820 | HOR 19757 09/19/2020 2 09/19/2020 Books  
        Naharkatiya College Library Naharkatiya College Library   09/19/2020   820 | HOR 19758 09/19/2020 3 09/19/2020 Books  
        Naharkatiya College Library Naharkatiya College Library   09/19/2020 1 820 | HOR 19759 12/10/2021 1 09/19/2020 Books 11/26/2021
        Naharkatiya College Library Naharkatiya College Library   09/19/2020 1 820 | HOR 19760 12/15/2021 9 09/19/2020 Books 12/10/2021
        Naharkatiya College Library Naharkatiya College Library   09/19/2020   820 | HOR 19761 09/19/2020 12 09/19/2020 Books  
        Naharkatiya College Library Naharkatiya College Library General stacks 09/19/2020   820 | HOR 19762 09/19/2020 8 09/19/2020 Books  
        Naharkatiya College Library Naharkatiya College Library   09/19/2020   820 | HOR 19763 09/19/2020 4 09/19/2020 Books  
        Naharkatiya College Library Naharkatiya College Library   09/19/2020   820 | HOR 19764 09/19/2020 6 09/19/2020 Books  
        Naharkatiya College Library Naharkatiya College Library   09/19/2020 1 820 | HOR 19765 12/15/2021 10 09/19/2020 Books 12/10/2021
        Naharkatiya College Library Naharkatiya College Library   09/19/2020 3 820 | HOR 19766 09/16/2024 5 09/19/2020 Books 09/06/2024
        Naharkatiya College Library Naharkatiya College Library   09/19/2020   820 | HOR 20084 09/19/2020 7 09/19/2020 Books  
        Naharkatiya College Library Naharkatiya College Library   09/19/2020   820 | HOR 20085 09/19/2020 11 09/19/2020 Books